00301 a2200109 4500001001000000005001700010008004100027245001500068100002400083773006700107999001700174ART_1267720260410161908.0260409a 10aMonetarims1 aLaidler, David E.W.0 tThe Economic Journalg- Vol. 91, NÂș 361 (mar. 1981)wREV12512 c26570d26570